Flags of world #1 - Statistics

General Stats
  • This quiz has been taken 25 times
    24 since last reset
  • The average score is 18 of 22
Answer Stats
Picture Answer % Correct
Australia
100%
New Zealand
100%
Sweden
100%
United kingdom
100%
United states
100%
Albania
95%
Ukraine
95%
Bhutan
89%
Vatican City
89%
Austria
84%
Chile
84%
Fiji
84%
Malaysia
84%
Kazakhstan
79%
Montenegro
79%
Czech republic
74%
Serbia
74%
Somalia
74%
F. S. Of Micronesia
68%
Liberia
68%
Palau
68%
Tuvalu
53%
No matching quizzes found
Score Distribution
Percent of People with Each Score
Percentile by Number Answered
Your Score History
You have not taken this quiz since the last reset